000 00754nam a2200265 i 4500
001 C2-0262001
003 PPAK
005 20180727231259.0
008 050116s2004 my a|||| ||||| | eng d
020 _a9838771740
040 _aPPAK
_beng
_cPPAK
_erda
082 0 4 _a500
_223
090 0 0 _a500
_bTAN
_dK
100 1 _aTan, Eunice,
_eauthor
245 1 0 _aWhy lizards lose their tails
264 1 _aPetaling Jaya, Selangor :
_bPenerbit Prisma ,
_c2004
300 _a38 pages :
_bcolour illustrations ;
_c26 cm
336 _2rdacontent
_atext
337 _2rdamedia
_aunmediated
338 _2rdacarrier
_avolume
490 1 _aScience for beginners
650 1 0 _aLizards - Juvenile literature
830 0 _aScience for beginners
942 _ddc
_cB
999 _c72545
_d72545